Fusion Welding : Kapitola 1, 2

Salvato in:
Dettagli Bibliografici
Autore principale: Easterling, Keneth (Autore)
Natura: Libro
Tags: Aggiungi Tag
Nessun Tag, puoi essere il primo ad aggiungerne!!

MARC

LEADER 00000nam a22000003a 4500
001 stu145226
005 20150617225951.3
008 070911s--------------------------------d
040 |a STU  |b slo 
041 0
100 1 |a Easterling, Keneth  |4 aut 
245 1 |a Fusion Welding :  |b Kapitola 1, 2 
300 |a 140 s 
996 |b 284M065904  |c M*P-4  |l MMKN  |s A  |a 24  |w stu145226_0001